| 000 | 01006nam2a22001812i 4500 | ||
|---|---|---|---|
| 001 | RU\VMP\78987 | ||
| 005 | 20250107123006.0 | ||
| 010 |
_91000 _a978-5-906594-11-2 |
||
| 100 | _a20181109d2017 |||y0rusy5050 ca | ||
| 101 | 0 | _arus | |
| 200 | 0 | _aВып. 12 | |
| 210 | _d2017 | ||
| 215 |
_a672 с., [40] л. ил. _d20 см. |
||
| 461 | 0 |
_1001RU\VMP\75424 _12000 $vВып. 12 _fГлав. архивное упр. при Совете Министров СССР _975424 _aГлав. архивное упр. при Совете Министров СССР _cМ. _d1970- _nСоветская Россия _oСборник материалов Центрального Государственного архива литературы и искусства СССР _tВстречи с прошлым _vВып. 12 |
|
| 345 |
_aООО "Книжные мастерские" _bТоварная накладная № 1504 от 28.09.2018 года |
||
| 610 |
_580888 _aБиблФ-Алфавит |
||
| 942 | _cBOOK | ||
| 090 | _a78987 | ||